| 000 | 01298nam a22003017a 4500 | ||
|---|---|---|---|
| 005 | 20100812113359.0 | ||
| 010 | _aENG-99831 | ||
| 020 |
_a9788183243438 _c595.00 |
||
| 035 | _aEN-83363 | ||
| 037 | _bDBAD/PUB | ||
| 082 | _a333.9516095414 | ||
| 245 |
_aIn the lagoons of the Gangetic delta / _cedited by Gautam Kuamr Bera [and] Vijoy S. Sahay |
||
| 260 |
_aNew Delhi _bMittal Publications _c2010 |
||
| 270 |
_bNew Delhi _e110002 _a4594/9,Daryaganj, |
||
| 300 |
_axx,237p.: _bill.,map _c22cm (Hb) |
||
| 500 | _aIncludes bibliographical references and index. | ||
| 520 | _a On the Sundarbans delta of West Bengal, India; contributed articles. | ||
| 650 |
_aBiosphere reserves _zIndia _zWest Bengal. _914863 |
||
| 650 |
_aHuman ecology _zIndia _zWest Bengal. _914864 |
||
| 650 |
_aHuman ecology _zIndia _zWest Bengal. _914865 |
||
| 650 |
_a Tribes _xEconomic conditions. _zIndia _zWest Bengal _914866 |
||
| 650 |
_aFishers _xEconomic conditions. _zIndia _zWest Bengal _914867 |
||
| 700 |
_910603 _aBera, Gautam Kumar |
||
| 700 |
_aSahay, Vijoy S. _911537 |
||
| 700 | _910604 | ||
| 942 |
_2ddc _cEN _h333.9516095414 _mINT |
||
| 999 |
_c41250 _d41250 |
||